The great Gatsby
Αποθηκεύτηκε σε:
| Κύριος συγγραφέας: | |
|---|---|
| Μορφή: | Βιβλίο |
| Γλώσσα: | English |
| Δημοσίευση: |
Great Britain :
Wordsworth Classics,
2001.
|
| Θέματα: | |
| Ετικέτες: |
Προσθήκη ετικέτας
Δεν υπάρχουν, Καταχωρήστε ετικέτα πρώτοι!
|
MARC
| LEADER | 00000cam a2200000 a 4500 | ||
|---|---|---|---|
| 001 | 1/118090 | ||
| 008 | 190215s1987####enk|||||||||||||| ||eng|| | ||
| 020 | |a 9781853260414 | ||
| 040 | |a GR-MyUa |b gre |c GR-MyUa |e AACR2 | ||
| 041 | 0 | |a eng | |
| 082 | 7 | |a 813.54 |2 (23) | |
| 100 | 1 | |a Fitzgerald, F. Scott |q (Francis Scott), |d 1896-1940. | |
| 245 | 1 | 5 | |a The great Gatsby / |c F. Scott Fitzgerald ; introduction and notes by Guy Reynolds. |
| 260 | |a Great Britain : |b Wordsworth Classics, |c 2001. | ||
| 300 | |a 122 σ. ; |c 21 εκ. | ||
| 650 | 0 | |a English language |v Textbooks for foreign speakers. | |
| 650 | 0 | |a American fiction. | |
| 852 | |a INST |b LESVOS |e 20190215 |h 813.54 FIT |p 005100062033 |q 005100062033 |t BK |y 0 | ||
| 970 | |a Καμάτσου |b Δέσποινα |z 15-02-2019 | ||